Vietnam : Higher education and skills for growth
The report focuses on the higher education system, including public, semi-public and non-public institutions, in connection to the labor market in Vietnam. Many questions are addressed in the report, such as whether Vietnam should significantly expand the scope of the higher education system, whethe...
Đã lưu trong:
| Nhiều tác giả của công ty: | , |
|---|---|
| 格式: | 圖書 |
| 語言: | Undetermined |
| 出版: |
Ha Noi
Lao động
2009
|
| 主題: | |
| 標簽: |
添加標簽
沒有標簽, 成為第一個標記此記錄!
|
| Thư viện lưu trữ: | Trung tâm Học liệu Trường Đại học Cần Thơ |
|---|
| LEADER | 01319nam a2200229Ia 4500 | ||
|---|---|---|---|
| 001 | CTU_160626 | ||
| 008 | 210402s9999 xx 000 0 und d | ||
| 082 | |a 378.597 | ||
| 082 | |b W927 | ||
| 110 | |a The World Bank (WB) in the Asia and Pacific Region | ||
| 110 | |b Human Development Department | ||
| 245 | 0 | |a Vietnam : | |
| 245 | 0 | |b Higher education and skills for growth | |
| 245 | 4 | |c The World Bank (WB) | |
| 260 | |a Ha Noi | ||
| 260 | |b Lao động | ||
| 260 | |c 2009 | ||
| 520 | |a The report focuses on the higher education system, including public, semi-public and non-public institutions, in connection to the labor market in Vietnam. Many questions are addressed in the report, such as whether Vietnam should significantly expand the scope of the higher education system, whether this system provides relevant skills for employment, the promotion of productivity and innovation and how it can be improved, and what incentive mechanisms are need for better relevance of the system to the demands of the labor market. | ||
| 650 | |a Education, Higher,Higher education and state,Giáo dục đại học và quốc gia,Giáo dục, Đại học | ||
| 650 | |z Vietnam,Vietnam,Việt Nam,Việt Nam | ||
| 904 | |i Thạch, Trọng Hiếu | ||
| 980 | |a Trung tâm Học liệu Trường Đại học Cần Thơ | ||